Rogue Lineage - All classes by picture - Statistics

General Stats
  • This quiz has been taken 3 times
  • The average score is 42 of 52
Answer Stats
Picture Answer % Correct
Abomination
100%
Abyss Dancer
100%
Abyss Walker
100%
Akuma
100%
Assassin
100%
Blacksmith
100%
Church Knight
100%
Deep Knight
100%
Dragon Knight
100%
Dragon Sage
100%
Dragon Slayer
100%
Druid
100%
Faceless
100%
Lapidarist
100%
Monk
100%
Monster Hunter
100%
Necromancer
100%
Oni
100%
Pit Fighter
100%
Reaper
100%
Samurai
100%
Shinobi
100%
Sigil Knight
100%
Spearfisher
100%
Spy
100%
Sunaikinti's Blessed
100%
Thief
100%
Vanguard
100%
Warrior
100%
Wraith Knight
100%
Botanist
67%
Cadence
67%
Dragon Rider
67%
Duelist
67%
Friendless One
67%
Illusionist
67%
Master Illusionist
67%
Master Necromancer
67%
Pilgrim Knight
67%
Ronin
67%
Scholar
67%
Shura
67%
Sigil Knight Commander
67%
Vhiunese Monk
67%
Warlord
67%
Whisperer
67%
Atlas
33%
Crystal Sage
33%
Virtuoso
33%
Worm Prophet
33%
Judicar of Teisumas
0%
Sea Knight
0%
No matching quizzes found
Score Distribution
Percent of People with Each Score
Percentile by Number Answered
Your Score History
You have not taken this quiz